=LDR 00000nam 2200000 4500 =001 INLIS000000000039030 =005 20130612144703 =008 ***********************************ind** =035 ##$$0010-061300000039030 =041 ##$$a ind =082 ##$$a 616.833 =090 ##$$a 616.833, Rid m =100 ##$$a RIDWAN, Muhammad =245 ##$$a Mengenal, mencegah, mengatasi selent killer parkinson, Muhammad ridwan;Editor,Pisonia sylvestri =260 ##$$a [Sa] $b Semarang =300 ##$$a X,134 Hlm, Ilus, 20 cm =650 ##$$a PARKINSON, PENYAKIT =700 ##$$a SYLVESTRI, PISONIA =850 ##$$a NBPNMAT =990 ##$$a 0001/BPAP-NTB/2016 =990 ##$$a 0001/BPAP-NTB/2016